[Event "Yopal"]
[Site "Yopal"]
[Date "1997.06.20"]
[Round "1"]
[White "Zapata, Alonso"]
[Black "Arencibia, Walter"]
[Result "1/2-1/2"]
[WhiteElo "2515"]
[BlackElo "2560"]
[PlyCount "44"]
[EventDate "1997.06.20"]
[Source "ChessBase"]
[SourceDate "1997.10.13"]

1. e4 c6 2. d4 d5 3. Nc3 b5 4. a3 dxe4 5. Nxe4 Bf5 6. Ng3 Bg6 7. Nf3 Nd7 8. a4 a6 9. Bd3 e6 10. O-O Ngf6 11. Re1 Bxd3 12. Qxd3 Be7 13. Bd2 O-O 14. axb5 axb5 15. Nf5 exf5 16. Rxa8 Qxa8 17. Rxe7 Qa1+ 18. Re1 Qxb2 19. Qxf5 Ra8 20. Bg5 h6 21. Bxf6 Nxf6 22. h3 Qb4 1/2-1/2

[Event "Europa ch 2008"]
[Site "Plovdiv BUL"]
[Date "2008.04.27"]
[Round "7.36"]
[White "Llaneza Vega, Marcos"]
[Black "L'Ami, Erwin"]
[Result "0-1"]
[WhiteElo "2425"]
[BlackElo "2600"]
[PlyCount "108"]
[EventDate "2008.04.21"]
[Source "www.chesslib.no"]
[SourceDate "2004.05.04"]

1. e4 c6 2. d4 d5 3. Nc3 b5 4. exd5 b4 5. Na4 cxd5 6. Nf3 Nf6 7. Ne5 e6 8. Bf4 Be7 9. Be2 O-O 10. O-O Qa5 11. c4 bxc3 12. Nxc3 Ba6 13. a3 Rc8 14. b4 Bxe2 15. Qxe2 Qb6 16. Rac1 Nc6 17. Nxc6 Qxc6 18. Qb2 Nd7 19. Ne4 Qb5 20. Nd6 Bxd6 21. Bxd6 Rc4 22. Qd2 Nb6 23. Qg5 h6 24. Qg3 Rxc1 25. Rxc1 Nc4 26. Be5 Nxe5 27. Qxe5 a5 28. Qd6 axb4 29. axb4 Qc4 30. Qc5 Qb3 31. h3 Rb8 32. Qd6 Rxb4 33. Qf4 Rc4 34. Ra1 Qb7 35. g3 Kh7 36. Qe3 Qe7 37. Qd3+ g6 38. h4 Qf6 39. Rd1 Kg7 40. Qe3 Qf5 41. Re1 Kh7 42. Rc1 Qe4 43. Rxc4 Qxe3 44. fxe3 dxc4 45. Kf2 Kg7 46. Ke2 Kf6 47. e4 e5 48. d5 Ke7 49. g4 h5 50. gxh5 gxh5 51. Kd2 Kd6 52. Kc2 f5 53. Kc3 fxe4 54. Kxc4 e3 0-1

[Event "Mitropa Cup"]
[Site "Buekfuerdo"]
[Date "1995.??.??"]
[Round "1"]
[White "Almasi, Zoltan"]
[Black "Ekstroem, Roland"]
[Result "1-0"]
[WhiteElo "2590"]
[BlackElo "2430"]
[PlyCount "87"]
[EventDate "1995.02.??"]
[Source "ChessBase"]

1. e4 c6 2. d4 d5 3. Nc3 b5 4. e5 e6 5. Be3 Ne7 6. Nf3 Nf5 7. Bd3 Be7 8. O-O b4 9. Ne2 Ba6 10. Bxf5 exf5 11. Re1 O-O 12. Ng3 Bc8 13. Qd3 g6 14. Qd2 a5 15. Bh6 Re8 16. Qf4 Be6 17. Nh5 Nd7 18. Ng7 c5 19. Nxe8 Qxe8 20. h4 Rc8 21. h5 cxd4 22. Nxd4 Nc5 23. Rad1 Na4 24. Qc1 Nc5 25. hxg6 hxg6 26. Bg5 a4 27. Bxe7 Qxe7 28. Qh6 Ne4 29. Re3 Bd7 30. Rh3 Qxe5 31. Qh7+ Kf8 32. Qh8+ Qxh8 33. Rxh8+ Kg7 34. Rxc8 Bxc8 35. Nc6 a3 36. Nxb4 axb2 37. Rb1 d4 38. Rxb2 Bd7 39. Nd3 Ba4 40. Rb4 Bxc2 41. Rxd4 Kf6 42. Nb4 Bb1 43. Rd1 Nc3 44. Nd5+ 1-0

[Event "Dresden zt"]
[Site "Dresden"]
[Date "1998.??.??"]
[Round "3"]
[White "Nedev, Trajce"]
[Black "Zelcic, Robert"]
[Result "1/2-1/2"]
[WhiteElo "2405"]
[BlackElo "2540"]
[PlyCount "120"]
[EventDate "1998.04.28"]
[Source "ChessBase"]
[SourceDate "1998.08.06"]

1. e4 c6 2. d4 d5 3. Nc3 b5 4. a3 dxe4 5. Nxe4 Bf5 6. Ng3 Bg6 7. h4 h6 8. Nh3 Nf6 9. c4 a6 10. Nf4 Bh7 11. Be3 e6 12. Nfh5 Nbd7 13. Be2 Nxh5 14. Nxh5 bxc4 15. Bxc4 Nb6 16. Bd3 Bxd3 17. Qxd3 Nd5 18. Rc1 Be7 19. O-O Nxe3 20. Qxe3 Qd5 21. Nf4 Qd7 22. Nd3 Qd5 23. Nf4 Qb5 24. d5 cxd5 25. Rc7 Qxb2 26. Re1 Qxa3 27. Nxe6 Qxe3 28. Rxe3 Bxh4 29. Nxg7+ Kf8 30. Nf5 Bf6 31. Nd6 Rh7 32. Rd3 a5 33. Rxd5 a4 34. Nf5 a3 35. Ra5 Rb8 36. Rb7 Rd8 37. Rxa3 Be5 38. g3 h5 39. Re3 Bf6 40. Ra3 Rc8 41. Raa7 Be5 42. f4 Bf6 43. Kg2 h4 44. gxh4 Bxh4 45. Kf3 Rd8 46. Rd7 Rxd7 47. Rxd7 Ke8 48. Rb7 Bf6 49. Ke4 Bc3 50. Kd5 Bd2 51. Rb8+ Kd7 52. Rb7+ Ke8 53. Ke4 Rh1 54. Nd6+ Kf8 55. f5 Re1+ 56. Kd5 Re7 57. Rb3 Kg7 58. Ne4 Rd7+ 59. Ke5 Re7+ 60. Kd4 Rd7+ 1/2-1/2

[Event "TCh-Serbia & Montenegro"]
[Site "Budva"]
[Date "2003.05.18"]
[Round "?"]
[White "Markovic, Miroslav"]
[Black "Scekic, Milos"]
[Result "1-0"]
[WhiteElo "2504"]
[BlackElo "2435"]
[PlyCount "67"]
[EventDate "2003.05.18"]
[Source "Roberto Alvarez"]
[SourceDate "2003.06.30"]

1. e4 c6 2. d4 d5 3. Nc3 b5 4. e5 Bf5 5. Nge2 e6 6. Ng3 Bg6 7. h4 h6 8. Nce2 Be7 9. Nf4 Bh7 10. Qg4 Bf8 11. Bd2 Nd7 12. Ngh5 g6 13. Ng3 Ne7 14. Bd3 Bg7 15. O-O-O Qb6 16. Ngh5 Bf8 17. Nf6+ Nxf6 18. exf6 Nf5 19. Bxf5 gxf5 20. Qh5 Bd6 21. Rhe1 Bxf4 22. Bxf4 Bg6 23. Qe2 h5 24. Qe5 O-O-O 25. Re3 Rhg8 26. Rc3 Kb7 27. Rdd3 Bh7 28. g3 Rc8 29. Rc5 a6 30. Rb3 Qd8 31. a4 Rg6 32. Qe2 Ka7 33. axb5 axb5 34. Rbxb5 1-0

[Event "Garcia mem Premier"]
[Site "Santa Clara"]
[Date "1998.05.26"]
[Round "3"]
[White "Perez, Rodney"]
[Black "Arencibia, Walter"]
[Result "1/2-1/2"]
[WhiteElo "2395"]
[BlackElo "2535"]
[PlyCount "78"]
[EventDate "1998.05.24"]
[Source "ChessBase"]
[SourceDate "1998.09.30"]

1. e4 c6 2. d4 d5 3. Nc3 b5 4. a3 dxe4 5. Nxe4 Bf5 6. Ng3 Bg6 7. N1e2 Nf6 8. Nf4 Nd5 9. h4 Nxf4 10. Bxf4 h6 11. h5 Bh7 12. a4 b4 13. c4 bxc3 14. bxc3 Qa5 15. Qf3 Qd5 16. Qxd5 cxd5 17. c4 Nc6 18. cxd5 Nb4 19. Bb5+ Kd8 20. O-O Rc8 21. Rfc1 Bc2 22. Bd2 e6 23. dxe6 fxe6 24. Bxb4 Bxb4 25. Ra2 Bh7 26. Rxc8+ Kxc8 27. Bc4 Re8 28. Re2 Kc7 29. Bxe6 Bd3 30. Rb2 a5 31. d5 Rf8 32. Ne2 Bc5 33. Nc3 Rf4 34. g3 Rd4 35. Nb5+ Bxb5 36. Rxb5 Bb6 37. d6+ Rxd6 38. Bd5 Rf6 39. Rb3 Rf5 1/2-1/2

[Event "Hoogovens-B"]
[Site "Wijk aan Zee"]
[Date "1977.??.??"]
[Round "11"]
[White "Kupreichik, Viktor D"]
[Black "Bellon Lopez, Juan Manuel"]
[Result "1-0"]
[WhiteElo "2490"]
[BlackElo "2415"]
[PlyCount "77"]
[EventDate "1977.01.??"]
[Source "ChessBase"]

1. e4 c6 2. d4 d5 3. Nc3 b5 4. Bd3 dxe4 5. Bxe4 Nf6 6. Bf3 b4 7. Na4 Ba6 8. Ne2 Bb5 9. Nc5 Nbd7 10. Nd3 e6 11. O-O Nd5 12. Re1 Qf6 13. a3 bxa3 14. b3 Bxd3 15. Qxd3 a2 16. Bxd5 cxd5 17. Nf4 Kd8 18. Rxa2 Bd6 19. g3 g5 20. Nh5 Qg6 21. Qxg6 hxg6 22. Bxg5+ Kc7 23. Nf6 Nxf6 24. Bxf6 Rhc8 25. c4 dxc4 26. bxc4 Bb4 27. Re5 a5 28. Rb5 Kd7 29. Rb7+ Ke8 30. c5 Rcb8 31. Re7+ Kf8 32. Rd7 Ke8 33. c6 Rb5 34. Re2 Rf5 35. Be5 Rc8 36. d5 Bc5 37. Kg2 f6 38. Bd6 Bxd6 39. Rxe6+ 1-0

[Event "Halle (Saale) (24.10.-03.11)"]
[Site "?"]
[Date "2004.10.27"]
[Round "4.1"]
[White "Fatalibekova Elena"]
[Black "Khmiadashvili Tamari"]
[Result "1-0"]
[WhiteElo "2472"]
[BlackElo "2419"]
[PlyCount "61"]
[EventDate "2004.??.??"]
[Source "www.chesslib.no"]
[SourceDate "2004.05.04"]

1. e4 c6 2. d4 d5 3. Nc3 b5 4. a3 e6 5. Nf3 dxe4 6. Nxe4 Nf6 7. Bd3 Nbd7 8. O-O Bb7 9. c3 Nxe4 10. Bxe4 Nf6 11. Bg5 Be7 12. Bxf6 gxf6 13. Nd2 Qc7 14. Qe2 O-O-O 15. b4 f5 16. Bf3 Bd6 17. h3 e5 18. dxe5 Bxe5 19. Nb3 Kb8 20. Nc5 Bf4 21. Qc2 Bc8 22. a4 Rd2 23. Qb3 Bd6 24. axb5 cxb5 25. c4 Bxc5 26. bxc5 Qxc5 27. cxb5 Be6 28. Qa4 Qb6 29. Qf4+ Qd6 30. Qg5 Qd4 31. b6 1-0

[Event "EU-ch 2nd"]
[Site "Ohrid"]
[Date "2001.06.04"]
[Round "4"]
[White "Nedev, Trajce"]
[Black "Weiss, Christian"]
[Result "0-1"]
[WhiteElo "2514"]
[BlackElo "2368"]
[PlyCount "72"]
[EventDate "2001.06.01"]
[Source "ChessBase"]
[SourceDate "2001.09.13"]

1. e4 c6 2. d4 d5 3. Nc3 b5 4. a3 dxe4 5. Nxe4 Nf6 6. Nxf6+ exf6 7. Be3 Bd6 8. Bd3 O-O 9. Ne2 Qc7 10. Ng3 g6 11. O-O Be6 12. Bh6 Re8 13. a4 bxa4 14. Qf3 Nd7 15. c4 f5 16. Rfe1 a3 17. bxa3 c5 18. d5 Ne5 19. Qd1 Bd7 20. Be2 f6 21. Bd2 Ng4 22. Bf3 h5 23. Bxg4 hxg4 24. Bc3 Rxe1+ 25. Qxe1 Re8 26. Qd2 f4 27. Ne2 Kf7 28. g3 f3 29. Nc1 Qb8 30. Nd3 Bf5 31. Nf4 Bxf4 32. gxf4 Re2 33. Qc1 Qh8 34. Qf1 g3 35. hxg3 Bh3 36. Qb1 Bg2 0-1

[Event "ESP Team Ch"]
[Site "ESP"]
[Date "1993.??.??"]
[Round "?"]
[White "Cisneros Belenguer, Lucas"]
[Black "Magem Badals, Jordi"]
[Result "0-1"]
[WhiteElo "2335"]
[BlackElo "2510"]
[PlyCount "122"]
[EventDate "1993.??.??"]
[Source "www.chesslib.no"]
[SourceDate "2004.05.04"]

1. e4 c6 2. d4 d5 3. Nc3 b5 4. exd5 b4 5. Nb1 cxd5 6. a3 bxa3 7. Nxa3 Nf6 8. c3 a6 9. Nf3 e6 10. Bf4 Be7 11. Bd3 O-O 12. O-O Nc6 13. h3 Qb6 14. Qe2 Bb7 15. Ne5 Nxe5 16. Bxe5 Nd7 17. Bf4 Rfe8 18. Rfe1 Bc6 19. Qc2 g6 20. Nb1 Bb5 21. Nd2 a5 22. Ra2 Bxd3 23. Qxd3 a4 24. Rea1 Qc6 25. Nf3 f6 26. Nd2 Nb6 27. Qg3 Rec8 28. Qg4 Kf7 29. Qh4 h5 30. Nf3 Rh8 31. Qg3 Nc4 32. Nd2 Nxd2 33. Bxd2 Rhb8 34. Qd3 Rb3 35. Qc2 Qc4 36. Be1 e5 37. dxe5 fxe5 38. Qd2 Ra6 39. Rd1 Rb5 40. Qd3 Qxd3 41. Rxd3 e4 42. Rd1 Ke6 43. Kf1 Rb3 44. c4 dxc4 45. Rd4 a3 46. bxa3 c3 47. Rxe4+ Kd7 48. Rc2 Raxa3 49. Ke2 Bf6 50. Kd3 Rb2 51. Ree2 Ra6 52. f3 Rd6+ 53. Kc4 Rd4+ 54. Kxc3 Rd1+ 55. Kc4 Rxc2+ 56. Rxc2 Rxe1 57. g4 h4 58. Kd5 Re5+ 59. Kc4 Re3 60. Rd2+ Ke6 61. Rf2 g5 0-1

[Event "Open"]
[Site "?"]
[Date "2003.08.19"]
[Round "4"]
[White "Landa Konstantin"]
[Black "Hansen Kay"]
[Result "1-0"]
[WhiteElo "2614"]
[BlackElo "2230"]
[PlyCount "67"]
[EventDate "2003.??.??"]
[Source "www.chesslib.no"]
[SourceDate "2004.05.04"]

1. e4 c6 2. d4 d5 3. Nc3 b5 4. e5 Bf5 5. g4 Bg6 6. h4 h6 7. h5 Bh7 8. e6 Qd6 9. exf7+ Kxf7 10. g5 Bf5 11. Qf3 e6 12. Bd3 Qd7 13. Nce2 hxg5 14. Bxg5 Be7 15. Nh3 Nh6 16. Ng3 Na6 17. O-O-O Bf6 18. Bxh6 Bxd3 19. Bxg7 Kxg7 20. Rxd3 Raf8 21. Qg4+ Kf7 22. f4 Ke7 23. Ng5 Nc7 24. Nf1 Kd6 25. Nd2 Qg7 26. Ndf3 Re8 27. Re1 c5 28. dxc5+ Kxc5 29. Ne5 Kb6 30. Qg1+ Kb7 31. Rh3 Ref8 32. Qg4 Be7 33. Ng6 Rf5 34. Nxe6 1-0

[Event "XI Open OIBM"]
[Site "Bad Wiessee GER"]
[Date "2007.11.12"]
[Round "3.11"]
[White "Meier, Georg"]
[Black "Salvermoser, Bernd"]
[Result "1-0"]
[WhiteElo "2558"]
[BlackElo "2281"]
[PlyCount "47"]
[EventDate "2007.11.10"]
[Source "www.chesslib.no"]
[SourceDate "2004.05.04"]

1. e4 c6 2. d4 d5 3. Nc3 b5 4. e5 Bf5 5. Nce2 e6 6. Ng3 Bg6 7. Nh3 Qb6 8. c3 a6 9. a4 b4 10. c4 dxc4 11. Bxc4 Ne7 12. Nf4 Nf5 13. Be3 Nxe3 14. fxe3 Be7 15. h4 b3 16. Qxb3 Qxb3 17. Bxb3 Nd7 18. h5 Rb8 19. Bd1 Rxb2 20. hxg6 Bb4+ 21. Kf1 fxg6 22. Nd3 O-O+ 23. Kg1 Bd2 24. Nf1 1-0

[Event "AUT-ch"]
[Site "Mureck"]
[Date "2001.08.09"]
[Round "5"]
[White "Weinzettl, Ernst"]
[Black "Weiss, Christian"]
[Result "0-1"]
[WhiteElo "2413"]
[BlackElo "2403"]
[PlyCount "116"]
[EventDate "2001.08.05"]
[Source "ChessBase"]
[SourceDate "2001.09.11"]

1. e4 c6 2. d4 d5 3. Nc3 b5 4. a3 dxe4 5. Nxe4 Nf6 6. Nxf6+ exf6 7. g3 Be6 8. Bg2 Bd5 9. Nf3 Be7 10. O-O O-O 11. b3 Nd7 12. Qd3 Nb6 13. Bb2 a5 14. Rac1 b4 15. a4 g6 16. Rfe1 Re8 17. Re2 Be6 18. Rce1 Bf5 19. Qd2 Nd5 20. Qc1 Qd7 21. Nd2 Bg4 22. f3 Be6 23. Ne4 Qa7 24. Kh1 h5 25. Nf2 Bf8 26. Bh3 Qd7 27. Bxe6 Rxe6 28. Rxe6 fxe6 29. Qd2 Kf7 30. Ne4 Rd8 31. Qe2 Be7 32. Qd1 h4 33. Nf2 hxg3 34. hxg3 Bd6 35. Kg2 Rh8 36. Bc1 Qc7 37. Ne4 Rh5 38. Bd2 Be7 39. Qe2 Qd7 40. Nf2 c5 41. dxc5 Bxc5 42. Ne4 Be7 43. Rh1 Rxh1 44. Kxh1 Qc7 45. Qh2 Qxc2 46. Qh7+ Ke8 47. Qxg6+ Kd8 48. Qg8+ Kd7 49. Qb8 Qd1+ 50. Kg2 Qe2+ 51. Kh3 f5 52. Qb7+ Ke8 53. Qc8+ Kf7 54. Ng5+ Bxg5 55. Bxg5 Qxf3 56. Qd7+ Kg6 57. Qe8+ Kxg5 58. Qg8+ Kf6 0-1

[Event "TCh-Rep. Srpska, Jahorina BIH"]
[Site "?"]
[Date "2001.??.??"]
[Round "2"]
[White "Stojanovic, Da"]
[Black "Scekic, M."]
[Result "0-1"]
[WhiteElo "2365"]
[BlackElo "2425"]
[PlyCount "60"]
[EventDate "2001.??.??"]
[Source "www.chesslib.no"]
[SourceDate "2004.05.04"]

1. e4 c6 2. d4 d5 3. Nc3 b5 4. a3 a6 5. Nf3 Bg4 6. Be2 Nf6 7. h3 Bxf3 8. Bxf3 e6 9. Bf4 Be7 10. O-O O-O 11. Bxb8 Rxb8 12. Qd3 Qb6 13. e5 Nd7 14. b4 a5 15. Rab1 Ra8 16. Ne2 Qc7 17. Bg4 Nb6 18. f4 g6 19. Ng3 Kh8 20. Rf2 Bh4 21. Re2 axb4 22. axb4 f5 23. exf6 Qxf4 24. Nf1 Bxf6 25. c3 e5 26. Rf2 Qg5 27. dxe5 Qxe5 28. Rf3 Ra3 29. Rc1 Na4 30. Bd7 Qd6 0-1

[Event "Lippstadt Turm op"]
[Site "?"]
[Date "1999.??.??"]
[Round "4"]
[White "Senff Martin"]
[Black "Gorbatow Alexej"]
[Result "1/2-1/2"]
[WhiteElo "2345"]
[BlackElo "2415"]
[PlyCount "110"]
[EventDate "1999.??.??"]
[Source "www.chesslib.no"]
[SourceDate "2004.05.04"]

1. e4 c6 2. d4 d5 3. Nc3 b5 4. e5 e6 5. Bd3 b4 6. Nce2 Ba6 7. Nf3 Bxd3 8. Qxd3 c5 9. O-O Nc6 10. Bf4 Qb6 11. h4 c4 12. Qd2 h5 13. Ng3 Nge7 14. Bg5 Ng6 15. Rfd1 Qc7 16. Ne2 Rb8 17. Nf4 Nge7 18. Bxe7 Bxe7 19. b3 Na5 20. g3 g6 21. Nh3 Bf8 22. Nhg5 Bh6 23. Qf4 Bg7 24. Kg2 Rb7 25. Rac1 Qd7 26. Nd2 O-O 27. Ndf3 Nc6 28. bxc4 dxc4 29. Ne4 Qc7 30. Nd6 Ne7 31. Nxb7 Nd5 32. Qg5 Qxb7 33. Re1 Kh7 34. Qd2 Bh6 35. Qe2 f6 36. Qe4 f5 37. Qe2 Bxc1 38. Rxc1 Qc6 39. Ng5+ Kg8 40. Qf3 Rc8 41. Kh2 c3 42. Nh3 Kf7 43. Rg1 Ke8 44. Nf4 Ne7 45. Qe3 Rc7 46. Nd3 Qc4 47. Rd1 Qxa2 48. Nxb4 Qa4 49. Rb1 Rc4 50. Nd3 Qxc2 51. Rb8+ Rc8 52. Rxc8+ Nxc8 53. d5 Nb6 54. d6 Qd2 55. Qc5 Qxd3 1/2-1/2

[Event "Clare Benedict Cup"]
[Site "Copenhagen DEN"]
[Date "1977.??.??"]
[Round "4.2"]
[White "Wittmann, Walter"]
[Black "Bellon Lopez, Juan Manuel"]
[Result "0-1"]
[WhiteElo "2340"]
[BlackElo "2415"]
[PlyCount "162"]
[EventDate "1977.??.??"]
[Source "www.chesslib.no"]
[SourceDate "2004.05.04"]

1. e4 c6 2. d4 d5 3. Nc3 b5 4. a3 dxe4 5. Nxe4 Nf6 6. Nxf6+ exf6 7. Bf4 Be6 8. Nf3 Nd7 9. Be2 Nb6 10. O-O Nd5 11. Qd2 Nxf4 12. Qxf4 Bd6 13. Qe4 O-O 14. Qxc6 a6 15. Qe4 Bd5 16. Qh4 h5 17. Bd3 Bxf3 18. gxf3 g6 19. Kh1 Kg7 20. Rg1 Rh8 21. Rg2 Ra7 22. Rag1 Rh6 23. f4 Kf8 24. f5 g5 25. Qe4 Bb8 26. c3 Qd6 27. Re1 h4 28. h3 Kg7 29. f3 Rh8 30. Qg4 Qd5 31. Re4 Bg3 32. f4 Qd8 33. Rge2 Rh6 34. fxg5 fxg5 35. Bc2 a5 36. Bb3 b4 37. cxb4 axb4 38. a4 Rc7 39. Kg2 Qa8 40. d5 f6 41. Re6 Rh8 42. Qd4 Qd8 43. Qxb4 Rc1 44. Qd4 Bd6 45. Bc4 Rf8 46. b3 Qb8 47. Re1 Rc2+ 48. R1e2 Bc5 49. Qd3 Rc1 50. Re1 Qf4 51. Qf3 Rc2+ 52. R6e2 Rxe2+ 53. Bxe2 Qe5 54. Rc1 Bd6 55. Kf1 Re8 56. Rc4 Qa1+ 57. Kg2 Qe1 58. Rc2 Bc5 59. Qf1 Qg3+ 60. Kh1 Bd6 61. Qg2 Qxb3 62. Bf1 Re3 63. Rc6 Rg3 64. Rxd6 Rxg2 65. Rd7+ Kh6 66. Bxg2 Qb1+ 67. Kh2 Qxf5 68. Re7 Qf4+ 69. Kh1 f5 70. a5 g4 71. Re1 Qd2 72. Rf1 Qd3 73. Kh2 Kg5 74. Rg1 Qa3 75. Kh1 Kf4 76. Rf1+ Kg5 77. Rg1 Kh6 78. Rf1 gxh3 79. Bf3 Qd3 80. Rf2 Qb1+ 81. Kh2 Qe1 0-1

[Event "Berliner Sommer"]
[Site "Berlin GER"]
[Date "1993.??.??"]
[Round "?"]
[White "Wirschell, Taco"]
[Black "Delander, Adolf"]
[Result "1/2-1/2"]
[WhiteElo "2380"]
[BlackElo "2330"]
[PlyCount "58"]
[EventDate "1993.08.??"]
[Source "www.chesslib.no"]
[SourceDate "2004.05.04"]

1. e4 c6 2. d4 d5 3. Nc3 b5 4. a3 dxe4 5. Nxe4 Nf6 6. Nxf6+ exf6 7. Bf4 Bd6 8. Qf3 Bxf4 9. Qxf4 Be6 10. Bd3 Nd7 11. Ne2 Nb6 12. O-O Nd5 13. Qf3 O-O 14. Ng3 g6 15. Rfe1 f5 16. c3 Qh4 17. Bf1 Rac8 18. a4 a6 19. Ne2 Rfe8 20. g3 Qg5 21. Nc1 Nb6 22. axb5 Bd5 23. Qd1 axb5 24. Nd3 Nc4 25. b3 Rxe1 26. Nxe1 Nd6 27. Rc1 Bxb3 28. Nf3 Bxd1 29. Nxg5 Bb3 1/2-1/2

[Event "CRO-chT"]
[Site "?"]
[Date "2000.09.16"]
[Round "6"]
[White "Rasic Damir"]
[Black "Zelcic Robert"]
[Result "1-0"]
[WhiteElo "2252"]
[BlackElo "2457"]
[PlyCount "77"]
[EventDate "2000.??.??"]
[Source "www.chesslib.no"]
[SourceDate "2004.05.04"]

1. e4 c6 2. d4 d5 3. Nc3 b5 4. a3 dxe4 5. Nxe4 Bf5 6. Ng3 Bg6 7. Nf3 Nd7 8. Bd3 Ngf6 9. Qe2 e6 10. O-O Be7 11. Ne4 O-O 12. c3 a6 13. Nxf6+ Bxf6 14. Bf4 Qb6 15. Bxg6 hxg6 16. Rad1 Rfd8 17. Rfe1 Nf8 18. Qe3 Rd5 19. Be5 Rad8 20. Qf4 g5 21. Qg3 Bxe5 22. Rxe5 Rxe5 23. Qxe5 Rd5 24. Qe3 Qd8 25. Re1 Ng6 26. h3 Nf4 27. Ne5 Rd6 28. Qf3 Qe8 29. h4 f6 30. hxg5 fxe5 31. dxe5 Rd2 32. Qxf4 Rxb2 33. Rd1 Re2 34. Kf1 Rc2 35. g6 Rxc3 36. Qg5 Kf8 37. Rd8 Rc1+ 38. Ke2 Rc2+ 39. Kd1 1-0

[Event "Dortmund-C"]
[Site "Dortmund GER"]
[Date "1990.??.??"]
[Round "?"]
[White "Rigo, Janos"]
[Black "Drazic, Sinisa"]
[Result "1-0"]
[WhiteElo "2385"]
[BlackElo "2310"]
[PlyCount "75"]
[EventDate "1990.04.??"]
[Source "www.chesslib.no"]
[SourceDate "2004.05.04"]

1. e4 c6 2. d4 d5 3. Nc3 b5 4. exd5 b4 5. Nce2 cxd5 6. Nf3 a5 7. Nf4 Nf6 8. Ne5 Ba6 9. Bxa6 Rxa6 10. Qe2 Rb6 11. O-O e6 12. Nh5 Nxh5 13. Qxh5 g6 14. Qf3 f6 15. Nd3 Bg7 16. a3 Nc6 17. axb4 axb4 18. Nc5 Kf7 19. Re1 Re8 20. c3 bxc3 21. bxc3 e5 22. Ra8 Qd6 23. Rxe8 Kxe8 24. Qh3 Kf7 25. Qxh7 Rb1 26. h4 e4 27. h5 gxh5 28. Qxh5+ Kf8 29. Ne6+ Qxe6 30. Ba3+ Rb4 31. Rb1 f5 32. Bxb4+ Kg8 33. Ra1 Nxb4 34. Ra8+ Bf8 35. cxb4 Qf6 36. b5 Kg7 37. b6 f4 38. b7 1-0

[Event "SWE-ch"]
[Site "Stockholm"]
[Date "1977.??.??"]
[Round "?"]
[White "Thornblom, N."]
[Black "Ekstroem, Roland"]
[Result "0-1"]
[WhiteElo "2325"]
[BlackElo "2350"]
[PlyCount "64"]
[EventDate "1977.07.03"]
[Source "ChessBase"]

1. e4 c6 2. d4 d5 3. Nc3 b5 4. exd5 b4 5. Ne4 cxd5 6. Ng3 Nf6 7. Nf3 e6 8. Bd3 Be7 9. O-O O-O 10. Ne5 a5 11. Be3 Ba6 12. f4 Qb6 13. Rf3 Bxd3 14. Qxd3 Qa6 15. Qd1 Nc6 16. f5 Rac8 17. Kh1 Ne4 18. Ng4 f6 19. Qe1 Bd6 20. Nh5 exf5 21. Rxf5 Ne7 22. Nxg7 Kxg7 23. Rh5 Kh8 24. Rxh7+ Kxh7 25. Qh4+ Kg7 26. Bh6+ Kf7 27. Qh5+ Ke6 28. Bxf8 Rxf8 29. Ne3 Qc8 30. Re1 Rh8 31. Qf3 Rxh2+ 32. Kg1 Qh8 0-1

[Event "EST-chT"]
[Site "Parnu"]
[Date "2002.03.09"]
[Round "3"]
[White "Karner, Hillar"]
[Black "Raud, Rainer"]
[Result "1/2-1/2"]
[WhiteElo "2293"]
[BlackElo "2380"]
[PlyCount "41"]
[EventDate "2002.03.08"]
[Source "ChessBase"]
[SourceDate "2002.05.03"]

1. e4 c6 2. d4 d5 3. Nc3 b5 4. a3 a6 5. Bg5 Qd6 6. Qd2 Bg4 7. f3 Bh5 8. exd5 cxd5 9. Bf4 Qc6 10. a4 b4 11. Nd1 Bg6 12. c3 b3 13. Ne2 Nd7 14. Nc1 Qb7 15. Ne3 e6 16. Qd1 Ngf6 17. Qxb3 Qc8 18. h3 Be7 19. g4 O-O 20. Nd3 Ra7 21. Qd1 1/2-1/2

[Event "RUS-ch sf"]
[Site "?"]
[Date "2000.??.??"]
[Round "1"]
[White "Akhmetov Artiom"]
[Black "Poletaev Vitaly"]
[Result "1-0"]
[WhiteElo "2438"]
[BlackElo "2225"]
[PlyCount "81"]
[EventDate "2000.??.??"]
[Source "www.chesslib.no"]
[SourceDate "2004.05.04"]

1. e4 c6 2. d4 d5 3. Nc3 b5 4. a3 dxe4 5. Nxe4 Bf5 6. Ng3 Bg6 7. h4 h6 8. Nf3 e6 9. Ne5 Bh7 10. Qf3 Qc7 11. Bxb5 cxb5 12. Qxa8 Bd6 13. Qf3 Nf6 14. O-O Nd5 15. Re1 O-O 16. c3 Bxe5 17. Rxe5 Nc6 18. Re2 Na5 19. Bd2 Nb3 20. Rae1 a5 21. Nh5 Bg6 22. Qg4 Nxd2 23. Rxd2 b4 24. Rc1 Qc4 25. Nf4 Nf6 26. Qe2 Qc6 27. Nxg6 fxg6 28. Rd3 bxa3 29. bxa3 Nd5 30. g3 Kh7 31. c4 Rf5 32. Qe4 Qc8 33. Rf3 Nf6 34. Qe2 Rh5 35. Re1 e5 36. dxe5 Ng4 37. e6 Nf6 38. e7 Qe8 39. Qd3 Rc5 40. Rxf6 gxf6 41. Qd8 1-0

[Event "BL2-Sued 0304"]
[Site "Germany"]
[Date "2003.??.??"]
[Round "?.4"]
[White "Werner, Clemens"]
[Black "Salvermoser, Bernd"]
[Result "1/2-1/2"]
[WhiteElo "2330"]
[BlackElo "2325"]
[PlyCount "104"]
[EventDate "2003.10.??"]
[Source "Roberto Alvarez"]
[SourceDate "2004.07.26"]

1. e4 c6 2. d4 d5 3. Nc3 b5 4. e5 b4 5. Na4 e6 6. Nf3 Nd7 7. Bd2 Rb8 8. Bd3 h6 9. O-O c5 10. dxc5 Nxc5 11. Nxc5 Bxc5 12. c3 Ne7 13. cxb4 Bxb4 14. Be3 Qd7 15. Rc1 O-O 16. Qe2 Ng6 17. Rfd1 Ba5 18. g3 Bb6 19. Bd4 Qb7 20. Rd2 a5 21. Bb5 Bd7 22. Bd3 Ne7 23. Rdc2 Rfc8 24. Rxc8+ Rxc8 25. Rxc8+ Bxc8 26. Qe3 Bxd4 27. Qxd4 Bd7 28. Qc5 Nc6 29. b3 Qb4 30. Qxb4 axb4 31. Kf1 Kf8 32. Ke2 Ke7 33. h4 Kd8 34. Ke3 f6 35. exf6 gxf6 36. Bb5 e5 37. Bxc6 Bxc6 38. Ne1 d4+ 39. Kd3 Bb5+ 40. Kd2 Ke7 41. Nc2 Kd6 42. Nxb4 e4 43. a3 f5 44. Nc2 Kd5 45. a4 Bd7 46. a5 Kc5 47. a6 Bc6 48. a7 h5 49. Na3 Kb6 50. Nc2 Kc5 51. Ne1 Kb6 52. Nc2 Kc5 1/2-1/2

[Event "Nis Open"]
[Site "Nis YUG"]
[Date "1993.??.??"]
[Round "?"]
[White "Bojkovic, Slobodan"]
[Black "Jovic, Stanoje"]
[Result "0-1"]
[WhiteElo "2365"]
[BlackElo "2270"]
[PlyCount "82"]
[EventDate "1993.12.??"]
[Source "www.chesslib.no"]
[SourceDate "2004.05.04"]

1. e4 c6 2. d4 d5 3. Nc3 b5 4. exd5 b4 5. Nce2 cxd5 6. a3 e6 7. axb4 Bxb4+ 8. c3 Bd6 9. Nf4 Nf6 10. Bd3 Nbd7 11. Nf3 O-O 12. O-O Qc7 13. g3 Bb7 14. Ba6 Bc6 15. Nd3 Nb8 16. Nfe5 Nxa6 17. Rxa6 Bxe5 18. dxe5 Nd7 19. Bf4 Bb5 20. Rd6 Nb6 21. Re1 Nc8 22. h4 Bxd3 23. Qxd3 Nxd6 24. exd6 Qd7 25. h5 f6 26. c4 Rfc8 27. cxd5 e5 28. h6 g6 29. Be3 Qxd6 30. Ra1 a5 31. Qb5 Rcb8 32. Qd3 a4 33. Qc4 g5 34. Rxa4 Rxa4 35. Qxa4 Qxd5 36. Qa7 Rb7 37. Qa8+ Kf7 38. Qc8 Rd7 39. g4 Qe6 40. Kh2 Qxg4 41. Bc5 Qe6 0-1

[Event "Zuerich Open"]
[Site "Zurich SUI"]
[Date "1995.??.??"]
[Round "5"]
[White "Speck, Hans"]
[Black "Ekstroem, Roland"]
[Result "0-1"]
[WhiteElo "2200"]
[BlackElo "2430"]
[PlyCount "102"]
[EventDate "1995.12.??"]
[Source "www.chesslib.no"]
[SourceDate "2004.05.04"]

1. e4 c6 2. d4 d5 3. Nc3 b5 4. a3 dxe4 5. Nxe4 Nf6 6. Nxf6+ exf6 7. Nf3 Bd6 8. Bd3 O-O 9. h3 Re8+ 10. Be3 Nd7 11. O-O Nb6 12. Re1 Be6 13. Be4 Qd7 14. Nh2 Bxh3 15. Bxh7+ Kxh7 16. Qh5+ Kg8 17. Qxh3 Qxh3 18. gxh3 a5 19. Rad1 Re6 20. Nf3 Rae8 21. Kf1 a4 22. Bd2 Kf8 23. h4 g6 24. Bc1 Kg7 25. Rd3 Nd5 26. Bd2 Rh8 27. Bc1 Kf8 28. b3 axb3 29. cxb3 Ke7 30. a4 bxa4 31. bxa4 Ra8 32. Ba3 Rxe1+ 33. Kxe1 Rxa4 34. Bxd6+ Kxd6 35. Rb3 Ra1+ 36. Kd2 Ra2+ 37. Ke1 Nf4 38. Rc3 Kd5 39. Rc5+ Ke4 40. Nd2+ Kxd4 41. Nb3+ Ke4 42. Rc4+ Ke5 43. Rxc6 Re2+ 44. Kd1 Rxf2 45. Rc7 Rf1+ 46. Kd2 Rh1 47. Re7+ Ne6 48. Rxf7 Rxh4 49. Re7 Kf5 50. Ke1 Re4+ 51. Kf2 Nd4 0-1